000 01147nam a2200361 i 4500
001 47761
003 ES-MaCES
005 20250526142651.0
007 cr |||||||||||
008 160610s2016 sp l 000 | spa d
017 _aNA 884-2016
_bDL
020 _a9788490994177
040 _aES-MaCES
_bspa
_cES-MaCES
110 1 _aEspaña
_tLeyes, etc., de seguros
_93123
245 1 0 _aLegislación de seguros
250 _a21ª ed
260 _aCizur Menor (Navarra)
_bAranzadi-Thomson Reuters
_c2016
300 _a991 p.
_c24 cm
490 1 _aColección Códigos básicos Aranzadi
_v24
500 _aÍndices
500 _aDisponible en formato electrónico mediante la aplicación PROVIEW
541 _cCompra
650 4 _aseguros
_928121
650 4 _aEspaña
_926964
650 4 _alegislación
_927153
650 4 _atexto
_929624
653 1 0 _aLegislación
775 0 _tLegislación de seguros
_w(ES-MaCES)44238
830 0 _aColección Códigos básicos Aranzadi
_v24
_932116
856 4 _uhttps://legalteca.aranzadilaley.es/my-library?sponsor=82111144-IP
_yLegalteca
902 _aLIB Libro
942 _2CES
_cBK
_h6.1.
999 _c47761
_d47761